| 000 | 01064ngm a22003610a 4500 | ||
|---|---|---|---|
| 001 | PT32092 | ||
| 003 | AR-LpoUNG | ||
| 005 | 20210202000427.0 | ||
| 007 | vd cvaizq | ||
| 008 | 191001s2003||||ag |||||||||||||||||spa d | ||
| 020 |
_a9874337680 _c$10 |
||
| 040 |
_aAR-LpoUNG _bspa _cAR-LpoUNG _eaacr |
||
| 041 | _aspa | ||
| 044 | _aag | ||
| 082 | 0 | _a982 632v3 | |
| 100 | 1 |
_aPigna, Felipe _edir. |
|
| 245 | 1 | 0 |
_aHistoria Argentina : _b1837 - 1880 |
| 260 |
_aBuenos Aires : _bDiana, _c2003. |
||
| 300 | _aDVD (58 min.) : son., col. | ||
| 505 | 0 | _aHecha en: 2003 | |
| 520 | _aEsta colección de 13 dvd de Historia Argentina relata desde 1776 hasta el 2001, realizada por el Profesor Felipe Pigna con el apoyo de la Universidad de Buenos Aires y el Colegio Carlos Pellegrini. | ||
| 650 | 4 | _aARGENTINA | |
| 650 | 4 | _aASPECTOS POLITICOS | |
| 650 | 4 | _aHISTORIA | |
| 650 | 4 | _aHISTORIA POLITICA | |
| 651 | 4 | _aArgentina | |
| 653 | _aDOCUMENTALES | ||
| 653 | _aDVD | ||
| 653 | _aVIDEOS | ||
| 653 | _aVIDEOS DIDACTICOS | ||
| 905 | _a32092 | ||
| 942 | _cDVD | ||
| 999 |
_c54825 _d54825 |
||